|
|
|
|
| LEADER |
00000nam0a2200000 4500 |
| 001 |
29840 |
| 005 |
20231030203651.0 |
| 010 |
|
|
|a 9856182948
|
| 035 |
|
|
|a (RuTPU)RU\TPU\book\30106
|
| 035 |
|
|
|a BOOK00000014
|
| 090 |
|
|
|a 29840
|
| 100 |
|
|
|a 20011209d1999 u y0rusy50 ca
|
| 101 |
0 |
|
|a rus
|
| 102 |
|
|
|a BY
|
| 105 |
|
|
|a 000ay
|
| 200 |
1 |
|
|a Этика любви, жизни и смерти в афоризмах и стихах
|f А. Н. Елсуков
|
| 210 |
|
|
|a Минск
|c Дизайн ПРО
|d 1999
|
| 215 |
|
|
|a 223 с.
|
| 610 |
1 |
|
|a стихи
|
| 610 |
1 |
|
|a афоризмы
|
| 610 |
1 |
|
|a этика
|
| 610 |
1 |
|
|a любовь
|
| 610 |
1 |
|
|a жизнь
|
| 610 |
1 |
|
|a смерть
|
| 675 |
|
|
|a Р2
|v 3
|
| 700 |
|
1 |
|a Елсуков
|g Альберт Николаевич
|
| 801 |
|
0 |
|a RU
|b 63413507
|c 20011209
|g PSBO
|
| 801 |
|
2 |
|a RU
|b 63413507
|c 20221130
|g PSBO
|
| 942 |
|
|
|c BK
|